00610nam a2200181 a 4500003000700000005001700007008004100024040002500065050001500090100002200105245014200127260002600269300003000295336002800325337003000353338002700383700001800410CBULib20260527091910.0120416s1983 ||||||||||||||||| || u bEnglishcCBULiberda aRA 967 App aKleczkowski, B. M10aApproaches to planning and design of health care facilities in developing areas. Volume 4c/ edited by B. M. Kleczkowski and R. Pibouleau aGeneva :bWHO, c1983 a322 pages : illustrations 2rdacontentaText |btxt 2rdamediaaUnmediated |bn 2rdacarrieraVolumebnc aPibouleau, R.